សិក្សាសារព័ន្ធព្រៃឈើក្រោយពេលធ្វើអាជីវកម្មនៅអនុតំបន់២៤ស្រុកស្នួល ខេត្តក្រចេះ (Record no. 2928)

000 -LEADER
fixed length control field 00596nam a22001577a 4500
003 - CONTROL NUMBER IDENTIFIER
control field OSt
005 - DATE AND TIME OF LATEST TRANSACTION
control field 20151101111846.0
008 - FIXED-LENGTH DATA ELEMENTS--GENERAL INFORMATION
fixed length control field 151101b xxu||||| |||| 00| 0 eng d
040 ## - CATALOGING SOURCE
Transcribing agency RUA
082 ## - DEWEY DECIMAL CLASSIFICATION NUMBER
Classification number FOR ពូ 1990 B115 Or.1
100 ## - MAIN ENTRY--PERSONAL NAME
9 (RLIN) 3138
Personal name ពូ, ធានសែ
245 ## - TITLE STATEMENT
Title សិក្សាសារព័ន្ធព្រៃឈើក្រោយពេលធ្វើអាជីវកម្មនៅអនុតំបន់២៤ស្រុកស្នួល ខេត្តក្រចេះ
260 ## - PUBLICATION, DISTRIBUTION, ETC. (IMPRINT)
Place of publication, distribution, etc. Phnom Penh
Name of publisher, distributor, etc. RUA
Date of publication, distribution, etc. 1990
300 ## - PHYSICAL DESCRIPTION
Extent 75p.
Other physical details ill.
Dimensions 29cm.
942 ## - ADDED ENTRY ELEMENTS (KOHA)
Source of classification or shelving scheme
Koha item type FOR
Holdings
Price effective from Date last seen Permanent Location Not for loan Date acquired Source of classification or shelving scheme Koha item type Lost status Withdrawn status Date last checked out Total Checkouts Shelving location Damaged status Barcode Current Location Full call number
2015-11-012022-12-21Library Block B 2015-11-01 FOR  2022-11-301B115 RUA028622Library Block BFOR ពូ 1990 B115 Or.1
2015-11-012015-11-01Library Block B 2015-11-01 FOR    B115 RUA028845Library Block BFOR ពូ 1990 B115 Or.2
2016-02-032016-02-03Library Block B 2016-02-03 FOR      RUA41423Library Block BFOR ពូ 1990 B115 Or.3
មជ្ឈមណ្ឌលឯការនៃសាកលវិទ្យាល័យភូមិន្ទកសិកម្មចំការដូង

Powered by Koha